000 01023nam a2200277 a 4500
001 BRCA_1779
005 20190320203539.0
008 930216s1993 sp-a---##b---#001-0#spa-#
020 _a8460485358
040 _aDLC
_cDLC
_dMFM
050 4 _aN8214.5.S4
_b.I26 1993
245 1 0 _aIconografía de Sevilla
_b1869-1936
_ctextos Francisco Calvo Serraller ... [et al.] ; coordinación Lola Gómez de Aranda y Javier Portús.
260 _aMadrid
_bFundación Fondo de Cultura de Sevilla
_c1993
300 _a250 p.
_bil. (algunas a color)
_c30 cm.
500 _aIncluye índice onomástico
500 _aColección Sonia Corcuera de Mancera
504 _aBibliografía: p. 242-244
650 1 4 _aArte español
_vCatálogos
_ySiglo XVII-XVIII
_95542
651 4 _aSevilla (España)
_vCatálogos
_xEn el arte
_95543
651 4 _aSevilla (España)
_xHistoria
_95544
700 1 _aCalvo Serraller, Francisco
_95545
700 1 _aGómez de Aranda, Lola
_95546
700 1 _aPortús, Javier
_95547
902 _aDSC
942 _2lcc
_cB
999 _c1561
_d1561